লোডিং...

Aakasathile nakshathrangal : akashavaani anubhavangal /

গ্রন্থ-পঞ্জীর বিবরন
প্রধান লেখক: Saraswathiyamma, S.
বিন্যাস: Printed Book
ভাষা:Malayalam
প্রকাশিত: Kottayam: D C books, 2014.
বিষয়গুলি:
LEADER 00652 a2200181 4500
008 161119b xxu||||| |||| 00| 0 mal d
999 |c 112105  |d 112105 
020 |a 9788124019856 
082 |a 302.2344092 
100 |a Saraswathiyamma, S. 
245 |a Aakasathile nakshathrangal :  |b akashavaani anubhavangal /  |c S Saraswathiyamma. 
260 |b D C books,  |c 2014.  |a Kottayam: 
300 |a 119p.  |c 21 cm. 
546 |a In Malayalam 
650 |a Memoir 
650 |a Saraswathiyamma, S. 
942 |2 ddc  |c BK 
952 |0 0  |1 0  |4 0  |6 302_234409200000000_SAR_A_M  |7 0  |9 117915  |a UL  |b UL  |c ST1  |d 2016-07-02  |e 176  |g 63.65  |l 1  |o 302.2344092 SAR/A M  |p 94473  |r 2019-11-25  |s 2019-10-31  |v 95.00  |y BK